Puchar Europy UEFA - Półfinaliści (1980-1989) - Statystyki

Ogólne statystyki
  • Ten quiz został rozwiązany 22 razy
  • Średni wynik to 17 z 27
Statystyki odpowiedzi
Półfinały Kraj Klub % Poprawnych
5 Hiszpania Real Madryt
100%
3 Niemcy Bayern Monachium
95%
2 Włochy Juventus
90%
3 Rumunia Steaua Bukareszt
90%
2 Belgia Anderlecht
86%
3 Anglia Liverpool
86%
2 Niemcy Hamburger SV
81%
1 Włochy Inter Mediolan
81%
1 Portugalia Benfica
76%
1 Holandia Ajax Amsterdam
71%
1 Hiszpania Barcelona
67%
1 Włochy Milan
67%
1 Portugalia Porto
67%
1 Anglia Aston Villa
62%
1 Holandia PSV Eindhoven
62%
1 Włochy Roma
62%
1 Polska Widzew Łódź
62%
1 Turcja Galatasaray
57%
1 Grecja Panathinaikos
57%
1 Bułgaria CSKA Sofia
52%
1 Anglia Nottingham Forest
52%
1 ZSRR Dynamo Kijów
38%
1 Szwecja Göteborg
33%
1 Francja Bordeaux
24%
1 Szkocja Dundee United
14%
1 Hiszpania Real Sociedad
14%
1 Rumunia Dinamo Bukareszt
10%
Nie znaleziono quizów pasujących do podanych kryteriów
Rozkład punktacji
Procent ludzi z każdym wynikiem
Percentyl według liczby udzielonych odpowiedzi
Twoja historia wyników
Nie rozwiązałeś tego quizu